Normal view
MARC view
Entry Topical Term
001 - CONTROL NUMBER
- control field: 10705
003 - CONTROL NUMBER IDENTIFIER
- control field: ARRUPE
005 - DATE AND TIME OF LATEST TRANSACTION
- control field: 20140606164028.0
008 - FIXED-LENGTH DATA ELEMENTS
- fixed length control field: 140606|| aca||aabn | a|a d
040 ## - CATALOGING SOURCE
- Original cataloging agency: ARRUPE
- Transcribing agency: ARRUPE
150 ## - HEADING--TOPICAL TERM
- Topical term or geographic name as entry element: Catholic Schools
670 ## - SOURCE DATA FOUND
- Source citation: Work cat.: (ARRUPE): McMahon, John 10704, Leading the Catholic School, 1997